Cải tiến hiệu suất của thuật toán khai thác mẫu tuần tự với ràng buộc trọng số khai thác Top-K mẫu tuần tự: Báo cáo tổng kết đề tài khoa học cấp Trường

Đã lưu trong:
书目详细资料
主要作者: Phạm, Thị Thiết
格式: Đề tài khoa học
语言:Undetermined
出版: Đại học Công nghiệp TP. Hồ Chí Minh 2021
主题:
在线阅读:https://opac.iuh.edu.vn/TraCuuTaiLieuSo2XemChiTiet.aspx?Id=113940
标签: 添加标签
没有标签, 成为第一个标记此记录!
Thư viện lưu trữ: Trung tâm Thư viện - Trường Đại học Công nghiệp TP. Hồ Chí Minh
LEADER 00822nam a2200169Ia 4500
001 UIH_00835
008 230809s9999 xx 000 0 und d
082 |a 5 
100 |a Phạm, Thị Thiết 
245 0 |a Cải tiến hiệu suất của thuật toán khai thác mẫu tuần tự với ràng buộc trọng số khai thác Top-K mẫu tuần tự: Báo cáo tổng kết đề tài khoa học cấp Trường 
245 0 |c Phạm, Thị Thiết 
260 |b Đại học Công nghiệp TP. Hồ Chí Minh 
260 |c 2021 
650 |a Thuật toán; 
856 |u https://opac.iuh.edu.vn/TraCuuTaiLieuSo2XemChiTiet.aspx?Id=113940 
927 |a Đề tài khoa học 
980 |a Trung tâm Thư viện - Trường Đại học Công nghiệp TP. Hồ Chí Minh